| 000 | 01018nam a22002657a 4500 | ||
|---|---|---|---|
| 001 | 06417 | ||
| 003 | HDC | ||
| 007 | cr bn ---aaaaa | ||
| 008 | 210123b20042004xxu||||| |||| 00| 0 eng d | ||
| 020 | _a0849317495 | ||
| 040 | _aHDC | ||
| 100 |
_aNiazi, Sarfaraz K. _eauthor _93105 |
||
| 245 | 0 |
_aGood Manufacturing Requirements for Active Pharmaceutical Ingredients _c/ Sarfaraz K. Niazi |
|
| 260 |
_aUnited States: _bCRC Press, _c2004 |
||
| 300 | _a1 online resource (2 pages) | ||
| 336 |
_atext _2rdacontent |
||
| 337 |
_acomputer _2rdamedia |
||
| 338 |
_aonline resource _2rdacarrier |
||
| 500 | _aOriginally from: Handbook of pharmaceutical manufacturing formulations: Semisolid Products, 2004 (pages 79-80) | ||
| 650 |
_aDrugs _xDosage forms _vHandbooks, manuals, etc. _95090 |
||
| 856 | _zRequest full-text at [email protected] | ||
| 942 | _2lcc | ||
| 942 | _cCHAP | ||
| 942 | _kEBCH 004261 | ||
| 999 |
_c3741 _d3741 |
||